000 00817nam a2200265Ia 4500
003 OSt
005 20220925225305.0
006 a|||||r|||| 00| 0
007 ta
008 220923b |||||||| |||| 00| 0 eng d
037 _cGeneral Book
040 _aRTL
_cRTL
_beng
041 _2eng
_aeng
082 _aX0gY, M4
100 _aGroth Alexander J
245 0 _aComparative resource allocation
_b Politics, performance,and policy priorities
260 _aLondon
_bSage
_c1984
300 _a247p
_ccm.
490 _aSage yearbook in politicy and public policy. 13
500 _aBibliography chapterwise
650 _aEconomics IRT Sociology
700 _a Wade Larry L Ed.
_9244247
942 _hX0gY, M4
_cGB
_2CC
999 _c583216
_d583216